Дело о случаях, в которых гражданским чинам разрешается ходатайствовать о высочайшем соизволении на представление его императорс...

Доступно только в Электронных читальных залах Найти на картеНа карте
RUSMARC
00003774nmc2a2200000 x 450
001cebc948d-d404-4b2f-a65b-827fdd180c28
00520171202015603.0
100##$a20160121l18951895k l0rusy0189 ca
1010#$arus
102##$aRU
2001#$aДело о случаях, в которых гражданским чинам разрешается ходатайствовать о высочайшем соизволении на представление его императорскому величеству
$j10 июня - 7 августа 1895 г.
251##$cДело
300##$aДело
801#0$aRU
$bРГИА
$c20160121
$gRCR
801#1$aRU
$bГлавНИВЦ
$c20160121
$2rusmarc
801#2$aRU
$bПБ им. Б.Н. Ельцина
$c20171202
$gRCR
$2rusmarc
850##$aРГИА
852##$aРГИА
$eФедеральное казенное учреждение "Российский государственный исторический архив" (РГИА)
$j959
937##$hРГИА
$d12190870
$aASBIBLIO_SCAN
462#0$100192199c64-6874-4077-9f66-5b288fbc0ba4
$12001
$aДела Инспекторского разряда Департамента народного просвещения за 1887-1901 гг.
$1251
$cОпись
$1852
$j122
461#0$1001a74412a3-3cc5-4d21-8f0a-dfe2fbd9e72d
$12001
$aДепартамент народного просвещения Министерства народного просвещения (1803-1917)
$1251
$cФонд
$1852
$j733
215##$a6 л.
$d36,5х26 см
371##$aДокумент не является опубликованным и широко распространяемым
105##$ay###
1222#$ad
035##$acebc948d-d404-4b2f-a65b-827fdd180c28
856##$uhttp://readingroom.main.prlib.ru/item.aspx?id_node=n110837835&mode=full
Формат отображения